[Event "Randy Bahr/Beauregard memorial II"]
[Site "SchemingMind.com"]
[Date "2023.12.16"]
[Round "-"]
[White "Uzi Mike"]
[Black "eliecercruzr"]
[Result "1/2-1/2"]
[WhiteCountry "USA"]
[BlackCountry "CUB"]
[WhiteElo "2208"]
[WhiteRD "90"]
[BlackElo "2309"]
[BlackRD "60"]
[GameID "740203"]

1. d4 Nf6 2. c4 e6 3. Nf3 d5 4. Nc3 Be7 5. Bg5 h6 6. Bxf6 Bxf6 7. Qc2 O-O 8. cxd5 exd5 9. e3 c6 10. h3 Be6
11. Rc1 Nd7 12. Bd3 Re8 13. O-O g6 14. Ne2 a6 15. Rfe1 Nf8 16. a3 Bg7 17. Qc3 Bd7 18. Ne5 Qe7 19. f4 Rac8 20. Qd2 Rcd8
21. Nc3 Bc8 22. b4=
1/2-1/2

[Event "Randy Bahr/Beauregard memorial II"]
[Site "SchemingMind.com"]
[Date "2023.12.15"]
[Round "-"]
[White "eliecercruzr"]
[Black "Uzi Mike"]
[Result "1/2-1/2"]
[WhiteCountry "CUB"]
[BlackCountry "USA"]
[WhiteElo "2313"]
[WhiteRD "60"]
[BlackElo "2246"]
[BlackRD "83"]
[GameID "740204"]

1. e4 c5 2. Nf3 d6 3. d4 cxd4 4. Nxd4 Nf6 5. Nc3 a6 6. Bg5 e6 7. Qf3 Nbd7 8. Be2 Qc7 9. a4 b6 10. Qh3 h6
11. Bd2 Bb7 12. O-O Be7 13. Rfd1 Ne5 14. Qg3 g5 15. f3 Rg8 16. Qe1 Nc4 17. Bc1 Rc8 18. Bd3 Qc5 19. Bxc4 Qxc4 20. Rd3 Qc7
21. b3 Kf8 22. Be3 Rg6 23. Qf2 g4 24. Rf1 Kg8 25. Nde2 b5 26. axb5 axb5 27. b4 gxf3 28. Qxf3 Qc4 29. Nf4 Rg7 30. Nh5 Nxh5
31. Bxh6 Nf6 32. Bxg7 Kxg7 33. Qg3+ Kf8 34. Qh3 Ke8 35. e5 Be4 36. Rf4 Qc6 37. exf6 Bxd3 38. Qxd3 Bxf6 39. Rxf6 Qxc3 40. Qxb5+ Ke7=
1/2-1/2

[Event "Randy Bahr/Beauregard memorial II"]
[Site "SchemingMind.com"]
[Date "2023.12.15"]
[Round "-"]
[White "Uzi Mike"]
[Black "Robert Hatfield"]
[Result "1-0"]
[WhiteCountry "USA"]
[BlackCountry "USA"]
[WhiteElo "2208"]
[WhiteRD "90"]
[BlackElo "1770"]
[BlackRD "64"]
[GameID "740205"]

1. d4 Nf6 2. c4 e6 3. Nc3 Bb4 4. e3 O-O 5. Bd3 b6 6. Ne2 d5 7. cxd5 exd5 8. a3 Be7 9. O-O Bb7 10. b4 Nbd7
11. Qb3 Re8 12. Nf4 c6 13. b5 h6 14. bxc6 Bxc6 15. Bb5 Bxb5 16. Qxb5 Rc8 17. Bb2 Bd6 18. Ncxd5 Ne4 19. Rfc1 Bxf4 20. Nxf4 Ndf6
21. Rxc8 Qxc8 22. Rc1 Qb7 23. f3 Nd6 24. Qb4 Nf5 25. e4 Nxe4 26. fxe4 Qxe4 27. Qd2 Ne3 28. Qf2
1-0

[Event "Randy Bahr/Beauregard memorial II"]
[Site "SchemingMind.com"]
[Date "2023.12.15"]
[Round "-"]
[White "Robert Hatfield"]
[Black "Uzi Mike"]
[Result "0-1"]
[WhiteCountry "USA"]
[BlackCountry "USA"]
[WhiteElo "1758"]
[WhiteRD "64"]
[BlackElo "2194"]
[BlackRD "95"]
[GameID "740206"]

1. c4 Nf6 2. d4 c6 3. Nc3 d5 4. Nf3 dxc4 5. e4 b5 6. e5 Nd5 7. a4 e6 8. axb5 Nxc3 9. bxc3 cxb5 10. Ng5 Bb7
11. Qh5 g6 12. Qg4 Be7 13. Be2 h5 14. Qh4 Bxg2 15. Rg1 Bd5 16. Bd2 a5
0-1

[Event "Randy Bahr/Beauregard memorial II"]
[Site "SchemingMind.com"]
[Date "2023.12.14"]
[Round "-"]
[White "Robert Bruce"]
[Black "Robert Hatfield"]
[Result "1-0"]
[WhiteCountry "SCO"]
[BlackCountry "USA"]
[WhiteElo "2351"]
[WhiteRD "71"]
[BlackElo "1752"]
[BlackRD "70"]
[GameID "740207"]

1. f4 d5 2. Nf3 c5 3. e3 Nc6 4. Bb5 Bg4 5. h3 Bd7 6. O-O Nf6 7. d3 g6 8. c4 Bg7 9. Nc3 d4 10. Ne2 Nh5
11. e4 Qc7 12. e5 Bh6 13. g4
1-0

[Event "Randy Bahr/Beauregard memorial II"]
[Site "SchemingMind.com"]
[Date "2023.12.14"]
[Round "-"]
[White "Robert Hatfield"]
[Black "Robert Bruce"]
[Result "0-1"]
[WhiteCountry "USA"]
[BlackCountry "SCO"]
[WhiteElo "1770"]
[WhiteRD "64"]
[BlackElo "2347"]
[BlackRD "67"]
[GameID "740208"]

1. c4 c5 2. Nf3 Nc6 3. Nc3 g6 4. d4 cxd4 5. Nxd4 Bg7 6. Nc2 Nf6 7. e4 a6 8. Be2 b5 9. cxb5 axb5 10. Bxb5 Nxe4
11. Bd2 Bxc3 12. Bxc3 Nxc3 13. bxc3 Qa5 14. Bxc6 Qxc3+ 15. Qd2 Qe5+ 16. Qe3 Qa5+ 17. Qd2 dxc6 18. Qxa5 Rxa5 19. Kd2 Kd7 20. Rhe1 Kd6
21. a3 Be6 22. Nd4 Bd5 23. g3 f5 24. f4 Rb8 25. Kc3 Rc5+ 26. Kd3 Be4+ 27. Ke3 Rc3+ 28. Kf2 c5 29. Ne2 Rb2 30. Rad1+ Kc6
31. Rd8 Kc7 32. Re8 Kd7 33. Rh8 c4 34. Rxh7 Bd3
0-1

[Event "Randy Bahr/Beauregard memorial II"]
[Site "SchemingMind.com"]
[Date "2023.12.15"]
[Round "-"]
[White "William Lindberg"]
[Black "Robert Hatfield"]
[Result "1-0"]
[WhiteCountry "USA"]
[BlackCountry "USA"]
[WhiteElo "2375"]
[WhiteRD "65"]
[BlackElo "1752"]
[BlackRD "70"]
[GameID "740209"]

1. c4 Nf6 2. d4 e6 3. Nf3 b6 4. g3 Ba6 5. b3 Bb4+ 6. Bd2 Be7 7. Bg2 d5 8. O-O O-O 9. Ne5 c5 10. dxc5 bxc5
11. Nc3 Bb7 12. cxd5 Nxd5 13. Rc1 Nxc3 14. Bxc3 Bxg2 15. Kxg2 Qb6 16. e4 Rd8 17. Qh5 Nd7 18. Qxf7+
1-0

[Event "Randy Bahr/Beauregard memorial II"]
[Site "SchemingMind.com"]
[Date "2023.12.15"]
[Round "-"]
[White "Robert Hatfield"]
[Black "William Lindberg"]
[Result "0-1"]
[WhiteCountry "USA"]
[BlackCountry "USA"]
[WhiteElo "1758"]
[WhiteRD "64"]
[BlackElo "2402"]
[BlackRD "65"]
[GameID "740210"]

1. c4 e5 2. Nc3 Nf6 3. Nf3 Nc6 4. g3 Bb4 5. Bg2 O-O 6. O-O e4 7. Ng5 Bxc3 8. bxc3 Re8 9. f3 exf3 10. Nxf3 h6
11. d4 d6 12. Bf4 Bf5 13. Nd2 Qd7 14. d5 Na5 15. e3 b6 16. Qe2 Nb7 17. Rae1 Nc5 18. h4 Bd3 19. Qf3 Bxf1 20. Bxf1 Qf5
21. Kg2 g5
0-1

[Event "Randy Bahr/Beauregard memorial II"]
[Site "SchemingMind.com"]
[Date "2023.12.15"]
[Round "-"]
[White "George Dimitrov"]
[Black "Robert Hatfield"]
[Result "1-0"]
[WhiteCountry "BUL"]
[BlackCountry "USA"]
[WhiteElo "2541"]
[WhiteRD "92"]
[BlackElo "1758"]
[BlackRD "64"]
[GameID "740211"]

1. e4 e6 2. d4 d5 3. Nc3 Bb4 4. e5 c5 5. a3 cxd4 6. axb4 dxc3 7. Nf3 cxb2 8. Bxb2 Nh6 9. Bd3 O-O 10. Qd2 Nc6
11. Ng5 g6 12. Nf3 Kg7 13. b5 Ne7 14. h4 Nef5 15. h5 Rh8 16. Qf4 b6 17. g4
1-0

[Event "Randy Bahr/Beauregard memorial II"]
[Site "SchemingMind.com"]
[Date "2023.12.15"]
[Round "-"]
[White "Robert Hatfield"]
[Black "George Dimitrov"]
[Result "0-1"]
[WhiteCountry "USA"]
[BlackCountry "BUL"]
[WhiteElo "1758"]
[WhiteRD "64"]
[BlackElo "2541"]
[BlackRD "92"]
[GameID "740212"]

1. c4 e5 2. Nc3 Nf6 3. Nf3 Nc6 4. g3 Bb4 5. Bg2 O-O 6. O-O e4 7. Ng5 Bxc3 8. bxc3 Re8 9. f3 exf3 10. Nxf3 Qe7
11. e3 d6 12. d3 Ne5 13. Nd4 Bg4 14. Qc2 c5 15. Nf5 Bxf5 16. Rxf5 a6 17. Bd2 Rab8 18. Raf1 b5 19. cxb5 axb5 20. Rxf6 gxf6
21. e4 Qa7 22. Rxf6 b4 23. Rxd6 b3 24. axb3 c4+
0-1

[Event "Randy Bahr/Beauregard memorial II"]
[Site "SchemingMind.com"]
[Date "2023.12.14"]
[Round "-"]
[White "Robert Hatfield"]
[Black "Matthew Bailey"]
[Result "0-1"]
[WhiteCountry "USA"]
[BlackCountry "ENG"]
[WhiteElo "1752"]
[WhiteRD "70"]
[BlackElo "2537"]
[BlackRD "81"]
[GameID "740213"]

1. c4 e5 2. Nc3 Nf6 3. Nf3 Nc6 4. g3 Nd4 5. Nxe5 Qe7 6. f4 d6 7. Nd3 Bf5 8. e3 O-O-O 9. Be2 d5 10. exd4 Bxd3
11. Nxd5 Nxd5 12. cxd5 Re8
0-1

[Event "Randy Bahr/Beauregard memorial II"]
[Site "SchemingMind.com"]
[Date "2023.12.15"]
[Round "-"]
[White "Matthew Bailey"]
[Black "Robert Hatfield"]
[Result "1-0"]
[WhiteCountry "ENG"]
[BlackCountry "USA"]
[WhiteElo "2537"]
[WhiteRD "81"]
[BlackElo "1752"]
[BlackRD "70"]
[GameID "740214"]

1. e4 e6 2. d4 d5 3. Nc3 Bb4 4. e5 c5 5. a3 cxd4 6. axb4 dxc3 7. Qg4 cxb2 8. Bxb2 g6 9. Nf3 Ne7 10. Qf4 Nd7
11. Bd3 b6 12. Ng5 O-O 13. Qh4 h5 14. g4 Kg7 15. gxh5 Rh8 16. h6+ Rxh6 17. Qxh6+
1-0

[Event "Randy Bahr/Beauregard memorial II"]
[Site "SchemingMind.com"]
[Date "2023.12.15"]
[Round "-"]
[White "Robert Hatfield"]
[Black "eliecercruzr"]
[Result "0-1"]
[WhiteCountry "USA"]
[BlackCountry "CUB"]
[WhiteElo "1758"]
[WhiteRD "64"]
[BlackElo "2292"]
[BlackRD "59"]
[GameID "740215"]

1. c4 e5 2. Nc3 Bb4 3. Nd5 Be7 4. d4 exd4 5. Qxd4 Nf6 6. Nxe7 Qxe7 7. Bg5 Nc6 8. Qc3 d6 9. Bxf6 Qxf6 10. Qxf6 gxf6
11. e3 Be6 12. Nf3 h5 13. Rc1 Ke7 14. Bd3 h4 15. Nd4 Ne5 16. Ke2 c5 17. Nf3 h3 18. Nxe5 hxg2 19. Nf3 gxh1=Q 20. Rxh1 Bg4
21. Be4 Rh3
0-1

[Event "Randy Bahr/Beauregard memorial II"]
[Site "SchemingMind.com"]
[Date "2023.12.15"]
[Round "-"]
[White "eliecercruzr"]
[Black "Robert Hatfield"]
[Result "1-0"]
[WhiteCountry "CUB"]
[BlackCountry "USA"]
[WhiteElo "2292"]
[WhiteRD "59"]
[BlackElo "1758"]
[BlackRD "64"]
[GameID "740216"]

1. e4 e6 2. d4 d5 3. Nc3 Bb4 4. e5 c5 5. a3 cxd4 6. axb4 dxc3 7. Qg4 cxb2 8. Bxb2 Kf8 9. Bd3 h5 10. Qf4 Nc6
11. b5 Nce7 12. Ba3 Nh6 13. Qg5 b6 14. Ne2 Qc7 15. Bd6 Qd7 16. Nf4
1-0